000 00681nam a2200265Ia 4500
001 30886
005 20240114001506.0
007 ta
008 060728s1888 g b000 u 491 u
020 _cHB
040 _aCotton College Assam
041 _a491
082 _a294.1723
_bP 97 B
100 _aVedavyash, .
245 0 _aBrhmabat Puranam: Vol. II /
_cVedavyash.
_hTextual Documents
250 _a1st ed. /
260 _aCalcutta :
_bJivanananda Bidyasagar ,
_c1888.
300 _a1029p. ;
_c22cm.
653 _aReligious Literature
653 _aPuranam-Brhmabat
653 _aG-Religion
942 _2ddc
_cBK
999 _c30868
_d30868